[Event "Foment Martinenc op-C 20th"]
[Site "Barcelona"]
[Date "2018.05.12"]
[Round "4"]
[White "Linares Bernet, Ana"]
[Black "Negre Pipla, Josep"]
[Result "0-1"]
[WhiteElo "1448"]
[BlackElo "1752"]
[PlyCount "76"]
[EventDate "2018.04.21"]
[EventType "swiss"]
[EventRounds "9"]
[EventCountry "ESP"]
[SourceTitle "CBM 184 Extra"]
[Source "ChessBase"]
[SourceDate "2018.06.28"]
[SourceVersion "1"]
[SourceVersionDate "2018.06.28"]
[SourceQuality "1"]

1. d4 Nf6 2. Nd2 g6 3. e3 Bg7 4. Ngf3 0-0 5. Bd3 d6 6. h3 Nbd7 7. e4 c5 8. c3 cxd4 9. cxd4 b6 10. e5 dxe5 11. dxe5 Nh5 12. Nc4 Nc5 13. Be2 Qxd1+ 14. Bxd1 Nd3+ 15. Kf1 Ba6 16. Bb3 Rac8 17. Bd2 Bxc4 18. Bxc4 Rxc4 19. Bc3 Rfc8 20. g3 f6 21. Rd1 Nxe5 22. Nxe5 fxe5 23. Rd7 R8c7 24. Rd8+ Kf7 25. Kg2 e4 26. Bxg7 Nxg7 27. Rd2 Rc2 28. Rhd1 Rxd2 29. Rxd2 Ne6 30. h4 Nc5 31. Kh3 Rd7 32. Re2 Kf6 33. b3 h5 34. b4 Nd3 35. a3 Kf5 36. f3 exf3 37. Re3 f2 38. Kg2 e5 0-1

[Event "Roncana op-B 11th"]
[Site "Santa Eulalia de Roncana"]
[Date "2017.10.21"]
[Round "4.6"]
[White "Garcia Torres, Adolfo"]
[Black "Negre Pipla, Josep"]
[Result "1/2-1/2"]
[WhiteElo "1495"]
[BlackElo "1557"]
[PlyCount "59"]
[EventDate "2017.09.23"]
[EventType "swiss"]
[EventRounds "8"]
[EventCountry "ESP"]
[SourceTitle "EXT 2024"]
[Source "ChessBase"]
[SourceDate "2023.10.10"]
[SourceVersion "1"]
[SourceVersionDate "2023.10.10"]
[SourceQuality "1"]

1. d4 Nf6 2. Bf4 d6 3. e3 g6 4. h3 Bg7 5. c4 0-0 6. Nc3 Nbd7 7. Nf3 b6 8. Be2 Bb7 9. 0-0 Re8 10. Re1 Ne4 11. Nxe4 Bxe4 12. Ng5 Bb7 13. Bf3 Bxf3 14. Nxf3 Nf6 15. Qc2 Rc8 16. Rad1 c5 17. dxc5 Rxc5 18. b4 Rc8 19. b5 Qc7 20. Rc1 Nd7 21. Red1 Nc5 22. Bh2 e5 23. Rd5 Nb7 24. Nd2 Qe7 25. e4 Rc7 26. Nb3 Rec8 27. Qd3 Qg5 28. Rc2 Qe7 29. f3 Qh4 30. Qf1 1/2-1/2

[Event "Foment Martinenc op-C 19st"]
[Site "Barcelona"]
[Date "2017.05.06"]
[Round "3.6"]
[White "Negre Pipla, Josep"]
[Black "Punsola Mena, Pol"]
[Result "1/2-1/2"]
[WhiteElo "1727"]
[BlackElo "1764"]
[PlyCount "48"]
[EventDate "2017.04.22"]
[EventType "swiss"]
[EventRounds "9"]
[EventCountry "ESP"]
[SourceTitle "EXT 2024"]
[Source "ChessBase"]
[SourceDate "2023.10.10"]
[SourceVersion "1"]
[SourceVersionDate "2023.10.10"]
[SourceQuality "1"]

1. e4 c5 2. Nf3 d6 3. d4 cxd4 4. Nxd4 Nf6 5. Nc3 g6 6. f3 Bg7 7. Be3 Nc6 8. Bc4 a6 9. Nxc6 bxc6 10. Qd2 Be6 11. Bxe6 fxe6 12. Bh6 0-0 13. Bxg7 Kxg7 14. 0-0-0 Qb6 15. Na4 Qb5 16. b3 Rfc8 17. Rhe1 Qe5 18. Qd4 Qg5+ 19. Qd2 Qb5 20. Qc3 Kf7 21. Qe3 Nd7 22. f4 c5 23. f5 gxf5 24. exf5 e5 1/2-1/2

[Event "Foment Martinenc op-C 19st"]
[Site "Barcelona"]
[Date "2017.04.29"]
[Round "2.5"]
[White "De Santiago Gordo, Abel"]
[Black "Negre Pipla, Josep"]
[Result "0-1"]
[WhiteElo "1824"]
[BlackElo "1727"]
[PlyCount "86"]
[EventDate "2017.04.22"]
[EventType "swiss"]
[EventRounds "9"]
[EventCountry "ESP"]
[SourceTitle "EXT 2024"]
[Source "ChessBase"]
[SourceDate "2023.10.10"]
[SourceVersion "1"]
[SourceVersionDate "2023.10.10"]
[SourceQuality "1"]

1. d4 Nf6 2. Nf3 g6 3. Bf4 d6 4. e3 Bg7 5. Be2 0-0 6. 0-0 Nh5 7. Bg5 Nd7 8. Nfd2 Nhf6 9. c4 c5 10. d5 Nxd5 11. cxd5 Bxb2 12. Nb3 Bxa1 13. Nxa1 f6 14. Bh6 Re8 15. Bd3 Ne5 16. Bc2 Qd7 17. h3 Nf7 18. Bf4 a6 19. Qf3 b5 20. Nd2 Bb7 21. Ne4 Kg7 22. Ng3 e5 23. Nh5+ gxh5 24. Qxh5 Rh8 25. Bf5 Qe7 26. Qg4+ Ng5 27. Bxg5 fxg5 28. h4 Bc8 29. Bxc8 Raxc8 30. Qxg5+ Qxg5 31. hxg5 c4 32. Nc2 a5 33. f4 exf4 34. exf4 Rhe8 35. Nd4 b4 36. Nf5+ Kg6 37. Nxd6 c3 38. Nxe8 Rxe8 39. Rf2 Rd8 40. f5+ Kf7 41. g4 Rxd5 42. Rh2 Rd1+ 43. Kg2 Rd2+ 0-1